[Event "FICGS rapid E 000209 email"]
[Site "FICGS email"]
[Date "2018.04.23"]
[Round "1"]
[White "Leurette, Marc Antoine"]
[Black "Vreugdenhil, Maarten"]
[Result "1-0"]
[WhiteElo "1082"]
[BlackElo "1382"]
[PlyCount "35"]
[EventDate "2018.??.??"]
[EventType "tourn (rapid)"]
[EventRounds "6"]
[SourceTitle "Corr 2022"]
[Source "ChessBase"]
[SourceDate "2021.10.24"]
[SourceVersion "1"]
[SourceVersionDate "2021.10.24"]
[SourceQuality "1"]

1. e4 c5 2. d4 cxd4 3. c3 e6 4. cxd4 Nf6 5. Nc3 d5 6. exd5 Nxd5 7. Nxd5 exd5 8. Nf3 Bb4+ 9. Bd2 Bxd2+ 10. Qxd2 0-0 11. Be2 Nc6 12. 0-0 Bg4 13. h3 Bh5 14. Rfe1 Re8 15. Bd1 Qf6 16. Rxe8+ Rxe8 17. Be2 b6 18. Re1 1-0

[Event "FICGS rapid B 000148 email"]
[Site "FICGS email"]
[Date "2010.04.05"]
[Round "1"]
[White "Ponting, Andrew"]
[Black "Vreugdenhil, Maarten"]
[Result "1-0"]
[WhiteElo "1716"]
[BlackElo "1800"]
[PlyCount "23"]
[EventDate "2010.??.??"]
[EventType "tourn (rapid)"]
[EventRounds "5"]
[SourceTitle "Corr 2013"]
[Source "ChessBase"]
[SourceDate "2012.11.12"]
[SourceVersion "1"]
[SourceVersionDate "2012.11.12"]
[SourceQuality "1"]

1. e4 e5 2. Nf3 Nf6 3. Nc3 Nc6 4. g3 Bc5 5. Bg2 d6 6. 0-0 h6 7. d3 0-0 8. Na4 a5 9. Nxc5 dxc5 10. h3 Be6 11. g4 a4 12. Be3 1-0

[Event "LSS RD-2008-0-00003"]
[Site "LSS email"]
[Date "2008.03.04"]
[Round "?"]
[White "Vio, Mauro"]
[Black "Vreugdenhil, Maarten"]
[Result "1-0"]
[WhiteElo "1633"]
[BlackElo "1625"]
[PlyCount "41"]
[EventDate "2008.02.24"]
[EventType "tourn (corr)"]
[EventRounds "6"]
[EventCountry "GER"]
[SourceTitle "Corr 2013"]
[Source "ChessBase"]
[SourceDate "2012.11.12"]
[SourceVersion "1"]
[SourceVersionDate "2012.11.12"]
[SourceQuality "1"]

1. Nf3 d5 2. e3 Nf6 3. Nc3 e6 4. Be2 Be7 5. 0-0 0-0 6. Ne5 c5 7. f4 d4 8. Nb5 a6 9. Na3 Nbd7 10. Nac4 b5 11. Nc6 Qe8 12. Bf3 bxc4 13. Nxe7+ Qxe7 14. Bxa8 Nb6 15. Bf3 Rd8 16. d3 e5 17. exd4 cxd4 18. Re1 e4 19. dxe4 Qc5 20. Qe2 d3+ 21. Be3 1-0

[Event "LSS RC-2008-0-00004"]
[Site "LSS email"]
[Date "2008.02.04"]
[Round "?"]
[White "Vreugdenhil, Maarten"]
[Black "Nemeth, Laszlo"]
[Result "0-1"]
[WhiteElo "1636"]
[BlackElo "1519"]
[PlyCount "61"]
[EventDate "2008.01.27"]
[EventType "tourn (corr)"]
[EventRounds "6"]
[EventCountry "GER"]
[SourceTitle "Corr 2024"]
[Source "ChessBase"]
[SourceDate "2023.10.19"]
[SourceVersion "1"]
[SourceVersionDate "2023.10.19"]
[SourceQuality "1"]

1. e4 e6 2. d4 d5 3. e5 c5 4. Nf3 cxd4 5. Bd3 Nc6 6. 0-0 Nge7 7. c3 dxc3 8. Nxc3 Ng6 9. Re1 Be7 10. Bd2 0-0 11. Rc1 Bd7 12. a3 f6 13. Bxg6 hxg6 14. exf6 Bxf6 15. Be3 Qe7 16. Qd3 Ne5 17. Nxe5 Bxe5 18. f4 Bf6 19. Red1 Rac8 20. Bxa7 g5 21. f5 Bxc3 22. Rxc3 Rxc3 23. Qxc3 Rxf5 24. Qc7 b5 25. h3 Kh7 26. Bc5 Qe8 27. Qd6 Qf7 28. Bd4 Qe8 29. Be3 Qf7 30. Bd4 Qh5 31. g4 0-1

[Event "LSS RC-2008-0-00004"]
[Site "LSS email"]
[Date "2008.02.02"]
[Round "?"]
[White "Schalkwijk, Peter"]
[Black "Vreugdenhil, Maarten"]
[Result "1-0"]
[WhiteElo "1495"]
[BlackElo "1636"]
[PlyCount "48"]
[EventDate "2008.01.27"]
[EventType "tourn (corr)"]
[EventRounds "6"]
[EventCountry "GER"]
[SourceTitle "Corr 2024"]
[Source "ChessBase"]
[SourceDate "2023.10.19"]
[SourceVersion "1"]
[SourceVersionDate "2023.10.19"]
[SourceQuality "1"]

1. e4 c5 2. Nc3 d6 3. g3 Nc6 4. Bg2 e6 5. d3 Be7 6. Be3 Nf6 7. h3 Bd7 8. Nge2 Rb8 9. 0-0 b5 10. f4 0-0 11. f5 b4 12. Nb1 exf5 13. exf5 Qc7 14. Bf4 Bxf5 15. Bxd6 Bxd6 16. Rxf5 Nd4 17. Nxd4 cxd4 18. Nd2 Bxg3 19. Nc4 Rfe8 20. Qd2 a6 21. Raf1 Rb5 22. R5f3 Nh5 23. Bh1 f6 24. Qg2 Rg5 1-0

[Event "LSS CP-2006-P-00069"]
[Site "LSS email"]
[Date "2006.10.01"]
[Round "?"]
[White "Vreugdenhil, Maarten"]
[Black "Taylor, Doug"]
[Result "0-1"]
[WhiteElo "1750"]
[BlackElo "1000"]
[PlyCount "22"]
[EventDate "2006.10.01"]
[EventType "tourn (corr)"]
[EventRounds "6"]
[EventCountry "GER"]
[SourceTitle "Corr 2024"]
[Source "ChessBase"]
[SourceDate "2023.10.19"]
[SourceVersion "1"]
[SourceVersionDate "2023.10.19"]
[SourceQuality "1"]

1. e4 e5 2. Nf3 Nc6 3. Bb5 Nf6 4. 0-0 Nxe4 5. Re1 d5 6. d3 Nd6 7. Nxe5 Be7 8. Nxc6 Qd7 9. Rxe7+ Qxe7 10. Nxe7+ Kxe7 11. Ba4 b5 0-1

[Event "IECG OP.2006.0.00149"]
[Site "IECG email"]
[Date "2006.09.14"]
[Round "?"]
[White "Van Nies, Pauline"]
[Black "Vreugdenhil, Maarten"]
[Result "1-0"]
[WhiteElo "2113"]
[BlackElo "1750"]
[PlyCount "31"]
[EventDate "2006.09.14"]
[EventType "tourn (corr)"]
[EventRounds "6"]
[SourceTitle "Corr 2008"]
[Source "ChessBase"]
[SourceDate "2008.06.24"]
[SourceVersion "1"]
[SourceVersionDate "2008.06.24"]
[SourceQuality "1"]

1. c4 d5 2. cxd5 Qxd5 3. Nc3 Qd8 4. e4 e5 5. Nf3 Bg4 6. Qb3 Bd6 7. d4 Bxf3 8. dxe5 Bxe5 9. gxf3 Bxc3+ 10. bxc3 b6 11. Rg1 Qf6 12. Bg5 Qxf3 13. Rg3 Qh1 14. Qd5 Nf6 15. Bxf6 gxf6 16. 0-0-0 1-0